Science Quiz

Random Science or Math Quiz

1-20 Square Roots Quiz Stats

 Plays Quiz Updated Jun 26, 2014

Support Sporcle.
Go Orange.
Score 0/20 Timer 01:00
0 Plays Today
Perfect Square Square Root % Correct
11
88.1%
42
88%
93
87.7%
255
87.7%
10010
87.4%
819
87.3%
366
87.2%
164
87.2%
497
86.9%
648
86.9%
Perfect Square Square Root % Correct
14412
86.4%
12111
86%
40020
85.1%
16913
81.3%
22515
81.1%
19614
77%
25616
76.1%
28917
73.6%
36119
72.9%
32418
72.6%

You're not logged in!

Compare scores with friends on all Sporcle quizzes.
OR
Log In

From the Vault

Disney Animated Movies Blitz

by Nameless

Even a Disney animated short is longer than 60 seconds.
Remove Ads.
Support Sporcle.
Get the best of Sporcle when you Go Orange. This ad-free experience offers more features, more stats, and more fun while also helping to support Sporcle. Thank you for becoming a member.

Show Comments

Extras

Top Quizzes Today


Score Distribution

Your Account Isn't Verified!

In order to create a playlist on Sporcle, you need to verify the email address you used during registration. Go to your Sporcle Settings to finish the process.

Report this User

Report this user for behavior that violates our Community Guidelines.

Details: